004290000a22001210004500090001700000245012800017041001400145700002700159100003000186942001300216773006100229999001700290 aASbSeriadas10aPrimer registro para Colombia de abejas sin aguijón encontradas a mas de dos mil metros de altura ()0 aEspañol1 aPinto M., Oscar9995441 aVergara B., Carlos999545 cARTICULO1 tLozania: Acta Zoológica Colombiana3375h35q1-8d1981 c15222d15222